00433nam a2200181Ia 4500008004100000020001800041050001400059100002100073245001900094245003900113260001500152260001600167260000900183300001400192300002700206300001000233500000800243170918s9999 xx 000 0 und d a9780439451659 bB496 2000 aBerger, Samantha aIt's spring! / cSamantha Berger and Pamela Chanko. aNew York : bScholastic, c2000 aunpaged : bcolored illustration ; c23cm. a310